Statistics for Countries sponsoring anti us sanctions bill to combat corona

Click here to take the quiz!

General Stats

  • This quiz has been taken 58 times
  • The average score is 18 of 30

Answer Stats

HintAnswer% Correct
24Russia
92%
8China
89%
12Iran
89%
22North Korea
83%
13Iraq
81%
4Belarus
78%
9Cuba
78%
29Vietnam
78%
26Syria
75%
14Kazakhstan
72%
28Venezuela
72%
6Cambodia
69%
16Laos
69%
20Nicaragua
61%
15Kyrgyzstan
58%
18Myanmar
58%
27Tajikistan
58%
3Armenia
56%
1Algeria
47%
7Central African Republic
47%
11Eritrea
47%
21Nigeria
47%
2Angola
44%
17Mozambique
39%
23Philippines
39%
5Burundi
36%
30Zambia
36%
10Equatorial Guinea
33%
19Namibia
28%
25Sri Lanka
28%

Score Distribution

Percentile by Number Answered

Percent of People with Each Score

Your Score History

You have not taken this quiz